Word Ladder No.4 - Statistics

General Stats
  • This quiz has been taken 25 times
  • The average score is 21 of 27
Answer Stats
Hint Answer % Correct
A lucky clover has this many leaves FOUR
100%
Often mistaken a raven CROW
95%
Descriptor of Patch Kids SOUR
95%
Slang for beer BREW
90%
Actress Barrymore DREW
90%
Unprotected snail SLUG
90%
Online diary BLOG
86%
#1 method of extinguishing candles BLOW
86%
What one assembles before a heist CREW
86%
Intentionally spilling liquid POUR
86%
UK equivalent for "apartment" FLAT
81%
Neandertals are famous for these BROW
76%
Removing unwanted space on a digital image CROP
76%
Baked custard treat FLAN
76%
A difficult journey SLOG
76%
Receptacle for coins SLOT
76%
Main antagonists of Bloods CRIP
71%
Sullen or gloomy DOUR
71%
What sot may do to their words SLUR
71%
Common dog name SPOT
67%
An organized group controlling territory (Scottish examples include: MacDonald, Mackintosh, Fraser) CLAN
62%
Often confused with a firearm's magazine CLIP
62%
Color between blue and green CYAN
62%
Component of shutters SLAT
62%
Parking space for a boat SLIP
62%
What hawk tuah girl did to that thing SPAT
57%
Webster's 2025 word of the year SLOP
52%
No matching quizzes found
Score Distribution
Percent of People with Each Score
Percentile by Number Answered
Your Score History
You have not taken this quiz